Libre iniciativa económica y estado social: análisis al estatuto de la libertad de empresa en la constitución chilena

সংরক্ষণ করুন:
গ্রন্থ-পঞ্জীর বিবরন
প্রধান লেখক: Viera Alvarez, Christian Pablo (Author)
বিন্যাস: গ্রন্থ
ভাষা:স্প্যানিশ
প্রকাশিত: Santiago Legal Publishing 2013
সংস্করন:1a. ed
মালা:Monografías
বিষয়গুলি:
ট্যাগগুলো: ট্যাগ যুক্ত করুন
কোনো ট্যাগ নেই, প্রথমজন হিসাবে ট্যাগ করুন!

MARC

LEADER 00000cam a2200000 a 4500
001 UCF8276
003 CL-VaPUC
008 130808e20130600cl |||||||||||||||||spa|d
020 |a 9789563463606 
082 0 4 |a 342.83  |b VIE  |2 21 
100 0 |a Viera Alvarez, Christian Pablo  |e author  |9 570378 
245 1 0 |a Libre iniciativa económica y estado social: análisis al estatuto de la libertad de empresa en la constitución chilena 
250 |a 1a. ed 
300 |a 417 p 
942 |c BK 
945 |d 20130808 11:32:00  |a dcastane 
260 |a Santiago  |b Legal Publishing  |c 2013 
650 0 |a Derecho constitucional chileno  |9 478271 
650 0 |a Derecho económico   |9 259197 
650 0 |a Jurisprudencia  |9 255952 
650 7 |a GARANTIA CONSTITUCIONAL  |2 CL-VaPUC  |9 554513 
583 |a last modification  |c 20130808 11:32:00  |k Rodrigo Vera 
490 0 |a Monografías 
999 |c 352896  |d 352894 
952 |0 0  |1 0  |4 0  |6 342_830000000000000_VIE_2013  |7 0  |8 A  |9 457665  |a BIBDER  |b BIBDER  |d 2019-11-22  |i 4994876  |l 2  |m 5  |o 342.83 VIE 2013  |p 4994876  |r 2023-01-25  |s 2021-11-04  |w 2019-11-22  |y BK  |k DER 
952 |0 0  |1 0  |3 erb  |4 0  |6 342_830000000000000_VIE_2013  |7 0  |8 A  |9 457666  |a BIBDER  |b BIBDER  |d 2019-11-22  |i 5009537  |l 6  |m 1  |o 342.83 VIE 2013  |p 5009537  |r 2023-01-25  |s 2021-10-21  |w 2019-11-22  |y BK  |z Catalogado en:20130930  |k DER